000 02831cgm a2200637Ia 4500
003 data
005 20260322212025.0
007 data
008 data
020 _a141576994X
020 _a9781415769942
024 1 _a097361329840
028 4 2 _a132984
_bDreamworks Animated
037 _bMidwest Tape
_nhttp://www.midwesttapes.com
040 _aTEFMT
_cTEFMT
_dIBI
_dBDX
_dNQC
_dIMD
_dNBT
_dIHV
_dIK2
_dAPL
_dOCLCO
_dUPZ
_dJRI
_dIUL
_dIBI
041 1 _aspa
_afre
_aspa
_jspa
_jfre
_jspa
_heng
050 4 _aPN1997
_b.R57 2013
082 0 4 _a791.43/72
_223
099 _aDVD 950
245 1 0 _aRise of the guardians
_h[videorecording] /
_cChristina Steinberg ... [et al.].
260 _aGlendale, CA :
_bParamount,
_bParamount,
_c2013.
300 _a1 videodisc (97 min.) :
_bsd., col. ;
_c4 3/4 in.
500 _aBased on "Guardians of childhood", the book series by William Joyce and "The man in the moon" a Reel FX short film directed by William Joyce.
500 _aOriginally released as a motion picture in 2012.
500 _aSpecial features: Dreamers & believers; Sandy's dream guide; more magic; filmmakers' commentary; previews; world of DreamWorks animation.
508 _aMusic by Alexandre Desplat ; editor, Joyce Arrastia.
511 0 _aVoices: Alec Baldwin, Jude Law, Hugh Jackman, Chris Pine, Isla Fisher.
520 _aWhen an evil spirit known as Pitch lays down the gauntlet to take over the world, the immortal Guardians must join forces for the first time to protect the hopes, beliefs, and imagination of children all over the world.
521 8 _aRating: PG; for thematic elements and some mildly scary action.
538 _aDVD; region 1, widescreen enhanced for 16x9 TVs, Dolby Digital 5.1 surround, Dolby Digital 2.0, NTSC.
546 _aEnglish, French or Spanish dialogue, with optional English, Spanish or French subtitles; closed-captioned.
600 1 0 _aJoyce, William,
_d1957-
_vFilm adaptations.
650 0 _aGood and evil
_vJuvenile films.
650 0 _aSpirits
_vJuvenile films.
650 0 _aHeroes
_vJuvenile films.
655 7 _aFeature films.
_2lcgft.
655 7 _aFantasy films.
_2lcgft.
655 7 _aChildren's films.
_2lcgft.
655 7 _aAnimated films.
_2lcgft.
655 7 _aAction and adventure films.
_2lcgft.
655 7 _aFiction films.
_2lcgft.
700 1 _aSteinberg, Christina.
700 1 _aBernstein, Nancy
_c(Producer)
700 1 _aRamsey, Peter.
700 1 _aLindsay-Abaire, David.
700 1 _aBaldwin, Alec,
_d1958-
700 1 _aLaw, Jude,
_d1972-
700 1 _aJackman, Hugh.
700 1 _aPine, Chris,
_d1980-
700 1 _aFisher, Isla,
_d1976-
700 1 _aDesplat, Alexandre.
700 1 _aJoyce, William,
_d1957-
_tGuardians of childhood.
710 2 _aDreamWorks Animation.
710 2 _aParamount Pictures Corporation.
001 data
999 _c562
_d562